Suburbia Overture By Will Wood Lyrics! - Statistics

General Stats
  • This quiz has been taken 145 times
  • The average score is 241 of 471
Answer Stats
Answer % Correct
a
100%
an
100%
i
100%
I
100%
you
100%
and
99%
White
98%
white
98%
fences
96%
or
96%
picket
96%
the
96%
he
95%
wire
95%
barbed
94%
in
94%
trenches
94%
blue
93%
jesus
93%
me
93%
than
93%
treat
90%
trick
90%
on
89%
that
89%
christmas
88%
howdy
88%
merry
88%
what
88%
thank
87%
is
86%
neighbor
86%
your
83%
baby
82%
building
82%
lady
82%
painted
82%
trophy
81%
wife
80%
eye
78%
no
78%
of
78%
participation
78%
it
76%
do
72%
when
72%
blonde
71%
dont
70%
so
66%
suburbia
65%
we
60%
go
59%
blue-eyed
58%
culture
57%
home
57%
but
55%
wired
55%
are
54%
die
54%
snap-crackle-pop
53%
for
52%
Geiger
52%
like
51%
Cover"
49%
my
49%
"Duck
48%
lights
48%
where
48%
billboards
47%
blood
47%
Blood
47%
blood?
47%
not
47%
ones
47%
its
46%
Its
46%
jukebox
46%
look
46%
out
43%
to
43%
wine
43%
alone
42%
brothers
42%
incisors
42%
our
42%
breed
41%
sing
41%
survival
41%
got
40%
now
40%
wide-eyed
40%
camouflage
37%
feed
37%
only
36%
pfizer
36%
buy
35%
aint
33%
why
33%
brooks
31%
fuck
31%
they
31%
ear
30%
gutter
30%
heart
30%
lead-lined
30%
welcome
30%
cold?
29%
cold
29%
wall
29%
ball
28%
bed
28%
takes
28%
village
28%
didnt
27%
fake
27%
head
27%
homeless
27%
OK-ULTRA
27%
safest
27%
sister
27%
want
27%
whole
27%
apologize
25%
Kuru
25%
market
25%
nails
25%
radiation
25%
heartless
24%
park
24%
still
24%
with
24%
from
23%
know
23%
watch
23%
belong
22%
elbowed
22%
fucked
22%
give
22%
afraid
20%
cums
20%
drink
20%
gotta
20%
up
20%
if
19%
jail
19%
laugh
19%
more
19%
all
18%
being
18%
eyes
17%
at
16%
bonfire
16%
crisis
16%
died
16%
eyeballs
16%
kiss
16%
please
16%
snowflake
16%
true
16%
turn
16%
bites
14%
blizzard
14%
by
14%
can
14%
dropped
14%
laughing
14%
pass
14%
business
13%
cook
13%
dog
13%
everyone
13%
jully
13%
knows
13%
nobody
13%
pills
13%
postman
13%
caught
12%
half-life
12%
tell
12%
well
12%
AR-15
11%
dream
11%
drive-in
11%
everybodys
11%
friend
11%
grill
11%
live
11%
matters
11%
night
11%
type
11%
basement
10%
care
10%
decide
10%
paradise
10%
parasites
10%
while
10%
4th
8%
love
8%
smile
8%
sweetbreads
8%
teenage
8%
wave
8%
Were
8%
were
8%
boys
7%
just
7%
number
7%
pheromones
7%
around
6%
hit
6%
screaming
6%
town
6%
cultures
5%
hey
5%
serotonin
5%
stations
5%
talk
5%
them
5%
youve
5%
author
4%
brians
4%
Chameleon
4%
foot
4%
gets
4%
make
4%
meyers-briggs
4%
peacocks
4%
prove
4%
those
4%
vultures
4%
word
4%
book
2%
cats
2%
cocked
2%
leary
2%
smell
2%
subject
2%
trigger
2%
write
2%
Dass
1%
daughter
1%
down
1%
empathy
1%
Freud
1%
house
1%
lack
1%
learned
1%
mother
1%
rules
1%
smoke
1%
soot
1%
sucked
1%
sulfur
1%
throw
1%
jung
0%
Nabokov
0%
platground
0%
pulled
0%
Salinger
0%
thhe
0%
tourture
0%
No matching quizzes found
Score Distribution
Percent of People with Each Score
Percentile by Number Answered
Your Score History
You have not taken this quiz